Assessment of professional competence / assessment of technical competence (Record no. 107274)

MARC details
000 -LEADER
fixed length control field 01099cam a22002415a 4500
001 - CONTROL NUMBER
control field E139098
008 - FIXED-LENGTH DATA ELEMENTS--GENERAL INFORMATION
fixed length control field 070720s2007 xxk f 000 0 eng d
035 ## - SYSTEM CONTROL NUMBER
System control number (Sirsi) u139098
041 0# - LANGUAGE CODE
Language code of text/sound track or separate title eng
050 04 - LIBRARY OF CONGRESS CALL NUMBER
Classification number 333.0076 $2 18
110 2# - MAIN ENTRY--CORPORATE NAME
Corporate name or jurisdiction name as entry element Royal Institution of Chartered Surveyors
Subordinate unit Education and Training
9 (RLIN) 4397
245 00 - TITLE STATEMENT
Title Assessment of professional competence / assessment of technical competence
Remainder of title July 2006, requirements and competencies
260 ## - PUBLICATION, DISTRIBUTION, ETC.
Place of publication, distribution, etc. London
Name of publisher, distributor, etc. RICS
Date of publication, distribution, etc. 2007
300 ## - PHYSICAL DESCRIPTION
Extent 54p.
Dimensions 30cm.
350 ## - PRICE (NR) (BK AM CF MU VM SE) [OBSOLETE]
Price 20
505 2# - FORMATTED CONTENTS NOTE
Formatted contents note Routes to membership -- About the APC/ATC -- About the competencies -- Choosing your competencies -- The mandatory competencies -- APC pathway requirements -- ATC pathway requirements -- The competency definitions
520 ## - SUMMARY, ETC.
Summary, etc. Guide to help candidates through the APC and ATC process.
651 #4 - SUBJECT ADDED ENTRY--GEOGRAPHIC NAME
Geographic name International
690 ## - LOCAL SUBJECT ADDED ENTRY--TOPICAL TERM (OCLC, RLIN)
Topical term or geographic name as entry element CAREERS, EDUCATION AND TRAINING-QUALIFICATION ROUTES-ASSESSMENT OF PROFESSIONAL COMPETENCE
690 ## - LOCAL SUBJECT ADDED ENTRY--TOPICAL TERM (OCLC, RLIN)
Topical term or geographic name as entry element CAREERS, EDUCATION AND TRAINING-QUALIFICATION ROUTES-ASSESSMENT OF PROFESSIONAL COMPETENCE
942 ## - ADDED ENTRY ELEMENTS (KOHA)
Suppress in OPAC 0
Holdings
Withdrawn status Lost status Source of classification or shelving scheme Damaged status Not for loan Home library Current library Shelving location Date acquired Total Checkouts Full call number Barcode Date last seen Date last checked out Copy number Price effective from Koha item type
    Dewey Decimal Classification     London London RICS Boxes 21/01/2009 1 RICS 2007/76 30079640 06/08/2019 03/08/2009 1 06/08/2019 Book
    Dewey Decimal Classification     London London RICS Boxes 21/01/2009   RICS 2007/76 30079641 06/08/2019   2 06/08/2019 Book
    Dewey Decimal Classification     London London RICS Boxes 13/06/2011   RICS 2007/76 30076967 06/08/2019   3 06/08/2019 Book